Alexia Blin : “Une partie des démocrates américains refuse d’abandonner les joies de la société de consommation à la droite” (notice n° 2072414)
[ vue normale ]
| 000 -LEADER | |
|---|---|
| fixed length control field | 00690cam a2200193 4500500 |
| 005 - DATE AND TIME OF LATEST TRANSACTION | |
| control field | 20260405003944.0 |
| 041 ## - LANGUAGE CODE | |
| Language code of text/sound track or separate title | fre |
| 042 ## - AUTHENTICATION CODE | |
| Authentication code | dc |
| 100 10 - MAIN ENTRY--PERSONAL NAME | |
| Personal name | Blin, Alexia |
| Relator term | author |
| 245 00 - TITLE STATEMENT | |
| Title | Alexia Blin : “Une partie des démocrates américains refuse d’abandonner les joies de la société de consommation à la droite” |
| 260 ## - PUBLICATION, DISTRIBUTION, ETC. | |
| Date of publication, distribution, etc. | 2025.<br/> |
| 500 ## - GENERAL NOTE | |
| General note | 36 |
| 690 ## - LOCAL SUBJECT ADDED ENTRY--TOPICAL TERM (OCLC, RLIN) | |
| Topical term or geographic name as entry element | Abondance |
| 690 ## - LOCAL SUBJECT ADDED ENTRY--TOPICAL TERM (OCLC, RLIN) | |
| Topical term or geographic name as entry element | Démocrates |
| 690 ## - LOCAL SUBJECT ADDED ENTRY--TOPICAL TERM (OCLC, RLIN) | |
| Topical term or geographic name as entry element | États-Unis |
| 700 10 - ADDED ENTRY--PERSONAL NAME | |
| Personal name | Moreau, Anne-Sophie |
| Relator term | author |
| 786 0# - DATA SOURCE ENTRY | |
| Note | Philosophie magazine | 193 | 10 | 2025-10-01 | p. 12-13 | 1951-1787 |
| 856 41 - ELECTRONIC LOCATION AND ACCESS | |
| Uniform Resource Identifier | <a href="https://shs.cairn.info/magazine-philosophie-magazine-2025-10-page-12?lang=fr&redirect-ssocas=7080">https://shs.cairn.info/magazine-philosophie-magazine-2025-10-page-12?lang=fr&redirect-ssocas=7080</a> |
Pas d'exemplaire disponible.




Réseaux sociaux